Modelos modernos de chimeneas artísticas / (Record no. 193558)

MARC details
000 -LEADER
campo de control de longitud fija 01248cam a2200337 c 4500
001 - NÚMERO DE CONTROL
campo de control 193558
003 - IDENTIFICADOR DE NÚMERO DE CONTROL
campo de control SpMaBN
005 - FECHA Y HORA DE LA ÚLTIMA TRANSACCIÓN
campo de control 20250811062539.0
007 - CAMPO FIJO DE DESCRIPCIÓN FÍSICA--INFORMACIÓN GENERAL
campo de control de longitud fija ta
008 - DATOS DE LONGITUD FIJA--INFORMACIÓN GENERAL
campo de control de longitud fija 240115s1958 sp spa
016 7# - NÚMERO DE CONTROL DE UNA AGENCIA BIBLIOGRÁFICA NACIONAL
Número de control del registro bimoBNE19995047095
Número de control cancelado/no válido IND9500656553
Fuente SpMaBN
017 ## - NÚMERO DE COPYRIGHT O DE DEPÓSITO LEGAL
Número de copyright o de depósito legal B 16498-1958
Agencia que asigna Oficina Depósito Legal Barcelona
035 ## - NÚMERO DE CONTROL DEL SISTEMA
Número de control de sistema (OCoLC)432729826
035 ## - NÚMERO DE CONTROL DEL SISTEMA
Número de control de sistema bimo0001250806
040 ## - FUENTE DE CATALOGACIÓN
Centro catalogador/agencia de origen SpMaBN
Lengua de catalogación spa
Centro/agencia transcriptor A2
Centro/agencia modificador ES-MaACL
080 ## - NÚMERO DE LA CLASIFICACIÓN DECIMAL UNIVERSAL
Número de la Clasificación Decimal Universal 697.8(084)
100 0# - ENTRADA PRINCIPAL--NOMBRE DE PERSONA
Nombre de persona Oliván, L.
Número de control del registro de autoridad o número normalizado XX1384913
9 (RLIN) 86745
Término indicativo de función/relación Autor
245 10 - MENCIÓN DEL TÍTULO
Título Modelos modernos de chimeneas artísticas /
Mención de responsabilidad, etc. por L. Oliván.
250 ## - MENCION DE EDICION
Mención de edición Primera edición.
260 ## - PUBLICACIÓN, DISTRIBUCIÓN, ETC.
Lugar de publicación, distribución, etc. Barcelona :
Nombre del editor, distribuidor, etc. Juan Bruguer,
Fecha de publicación, distribución, etc. 1958
Fabricante (Gráficas Diamante)
300 ## - DESCRIPCIÓN FÍSICA
Extensión 2 hojas, láminas 1-55 ;
Dimensiones Fol. (35 cm)
336 ## - TIPO DE CONTENIDO
Fuente rdacontent
Término de tipo de contenido Texto
337 ## - TIPO DE MEDIO
Fuente rdamedia
Nombre/término del tipo de medio sin mediación
338 ## - TIPO DE SOPORTE
Fuente rdacarrier
Nombre/término del tipo de soporte volumen
650 #7 - PUNTO DE ACCESO ADICIONAL DE MATERIA--TÉRMINO DE MATERIA
Término de materia o nombre geográfico como elemento de entrada Chimeneas
9 (RLIN) 165639
852 ## - LOCALIZACIÓN
Ubicación ES-MaACL
Sublocalización o colección R.43834
-- R.M.1
itemnumber 115532
Número de control de estantería D-1
Ubicación en estantería Sala Valle Inclán
Donativo/Legado Donación: Ministerio de Cultura
Marcas de propiedad Sello en tinta en portada: "Ateneo de Madrid. Biblioteca"
914 ## - NOMBRE ENTIDAD DE DONANTE
Nombre de congreso/reunión o jurisdicción como elemento de entrada España.
Unidad subordinada Donante
RLIN 3850
942 ## - ELEMENTOS DE ENTRADA SECUNDARIOS (KOHA)
Suprimir en OPAC No
Tipo de ítem Koha Libro impreso
Holdings
Estatus retirado Estado de pérdida Fuente del sistema de clasificación o colocación Estado de daño No para préstamo Biblioteca de origen Biblioteca actual Ubicación en estantería Fecha de adquisición Fuente de adquisición Número de inventario Total de préstamos Signatura topográfica completa Código de barras Visto por última vez Precio de reemplazo Tipo de ítem Koha Nota pública
    Clasificación decimal universal     Biblioteca del Ateneo de Madrid Biblioteca del Ateneo de Madrid Sala Valle Inclán 17/01/2008 Donación R.M.1   D-1 901116128 23/02/2023 23/02/2023 Libro impreso D-1. -- R.43834 D.M.C.-- Sello en tinta en portada: "Ateneo de Madrid. Biblioteca"